| 000 | 00709nam a2200241 a 4500 | ||
|---|---|---|---|
| 001 | BRCA_7648 | ||
| 005 | 20190320205927.0 | ||
| 008 | 260713s1963----u--a######---#000-0#eng-# | ||
| 041 | _aeng | ||
| 044 | _au | ||
| 050 | 4 |
_aNC1429 _b.F74 1963 |
|
| 100 | 1 |
_aFrederics, Eddie _918859 |
|
| 245 | 1 | 0 |
_aThe art of interior decorating _cideas by Eddie Frederics ; drawings by David Pascal. |
| 260 |
_aFiladelfia _bChilton _cc1963 |
||
| 300 |
_a1 v. (sin paginación) _bil., dibujos _c31 cm. |
||
| 500 | _aT62 | ||
| 650 | 1 | 4 |
_aDecoración y ornamentación _93592 |
| 650 | 1 | 4 |
_aCaricaturas _912867 |
| 650 | 1 | 4 |
_aHumorismo en el arte _918860 |
| 700 | 1 |
_aPascal, David _eil. _918861 |
|
| 902 | _aGFM | ||
| 942 |
_2lcc _cB |
||
| 999 |
_c7322 _d7322 |
||